Pays d'Europe sans carte - Statistiques

Statistiques générales
  • Ce quiz a été pris 444 fois
  • Le résultat moyen est 41 sur 45
Statistiques - réponses
Pays % Correct
Espagne
99%
France
99%
Irlande
97%
Portugal
97%
Italie
96%
Suède
96%
Royaume uni
95%
Allemagne
94%
Belgique
94%
Estonie
94%
Finlande
94%
Hongrie
94%
Islande
94%
Lettonie
94%
Lituanie
94%
Norvège
94%
Croatie
93%
Pologne
93%
Suisse
93%
Albanie
92%
Andorre
92%
Danemark
92%
Monaco
92%
Russie
92%
Slovaquie
92%
Grèce
91%
Luxembourg
91%
Pays-bas
91%
Roumanie
91%
Autriche
90%
Biélorussie
90%
Monténégro
90%
Slovénie
90%
Vatican
90%
Malte
89%
Ukraine
89%
Liechtenstein
88%
République tchèque
88%
Serbie
88%
Kosovo
87%
Macédoine du nord
87%
Saint marin
87%
Bulgarie
86%
Bosnie-Herzégovine
84%
Moldavie
81%
Aucun quiz correspondant
Distribution des résultats
% des personnes avec chaque résultat
Percentile par nombre de réponses
Votre historique - résultats
Vous n’avez pas pris ce quiz